Edfou VI /

محفوظ في:

المؤلف الرئيسي: Kurth, Dieter.

التنسيق: كتاب

اللغة: German

منشور في: Gladbeck : PeWe-Verlag, 2014.

سلاسل: Inschriften des Tempels von Edfu. Abteilung I, Übersetzungen ; 3.

الموضوعات:

الوسوم: إضافة وسم

لا توجد وسوم, كن أول من يضع وسما على هذه التسجيلة!

رقم الطلب: PJ1526 .E2 I31 v.3

LEADER 00708nam a22002177a 4500
003 OSt
005 20251020093455.0
008 251020t2014 gw a b 000 0 ger d
020 |a 9783935012140 
040 |c ARCE Library 
050 1 4 |a PJ1526 .E2  |b I31 v.3 
100 1 |a Kurth, Dieter. 
245 1 0 |a Edfou VI /   |c Dieter Kurth ; unter Mitarbeit von Almuth Behrmann [and 13 others]. 
264 1 |a Gladbeck :   |b PeWe-Verlag,   |c 2014. 
300 |a xxv, 683 pages :   |b illustrations ;   |c 31 cm. 
490 0 |a Inschriften des Tempels von Edfu. Abteilung I, Übersetzungen ;   |v 3. 
650 0 |a Inscriptions, Egyptian. 
650 0 |a Temple of Horus (Idfū, Egypt) 
901 |a reviewed 
942 |2 lcc  |c BK 
999 |c 50122  |d 50122